BIM for building owners and developers : Making a Business Case for Using BIM on Projects (Record no. 114655)
[ view plain ]
| 000 -LEADER | |
|---|---|
| fixed length control field | 00915cam a22002175a 4500 |
| 008 - FIXED-LENGTH DATA ELEMENTS--GENERAL INFORMATION | |
| fixed length control field | 120928s2012 xxk f 000 0 eng d |
| 020 ## - INTERNATIONAL STANDARD BOOK NUMBER | |
| International Standard Book Number | 9781118129777 |
| 035 ## - SYSTEM CONTROL NUMBER | |
| System control number | (Sirsi) u157216 |
| 041 0# - LANGUAGE CODE | |
| Language code of text/sound track or separate title | eng |
| 100 1# - MAIN ENTRY--PERSONAL NAME | |
| Personal name | Pramod Reddy, K. |
| 245 00 - TITLE STATEMENT | |
| Title | BIM for building owners and developers : Making a Business Case for Using BIM on Projects |
| 260 ## - PUBLICATION, DISTRIBUTION, ETC. | |
| Name of publisher, distributor, etc. | John Wiley & Sons |
| Date of publication, distribution, etc. | 2012 |
| 300 ## - PHYSICAL DESCRIPTION | |
| Extent | Ebook |
| 350 ## - PRICE (NR) (BK AM CF MU VM SE) [OBSOLETE] | |
| Price | 57.50 |
| 520 ## - SUMMARY, ETC. | |
| Summary, etc. | eBOOK written for building owners and developers about Building Information Modeling. Making the business case for owners' use of BIM, the book helps owners align the use of BIM to their real business objectives through strategic planning, SWOT and GAP analysis excercice. |
| 650 24 - SUBJECT ADDED ENTRY--TOPICAL TERM | |
| Topical term or geographic name entry element | EBOOK |
| 651 #4 - SUBJECT ADDED ENTRY--GEOGRAPHIC NAME | |
| Geographic name | ENGLAND AND WALES |
| 690 ## - LOCAL SUBJECT ADDED ENTRY--TOPICAL TERM (OCLC, RLIN) | |
| Topical term or geographic name as entry element | BIM |
| 9 (RLIN) | 6219 |
| 856 40 - ELECTRONIC LOCATION AND ACCESS | |
| Uniform Resource Identifier | <a href="https://www.vlebooks.com/">https://www.vlebooks.com/</a> |
| Public note | View on VLEbooks. Logins for members only from [email protected] |
| 942 ## - ADDED ENTRY ELEMENTS (KOHA) | |
| Suppress in OPAC | 0 |
| Withdrawn status | Lost status | Source of classification or shelving scheme | Damaged status | Not for loan | Home library | Current library | Shelving location | Date acquired | Total Checkouts | Full call number | Barcode | Date last seen | Copy number | Price effective from | Koha item type |
|---|---|---|---|---|---|---|---|---|---|---|---|---|---|---|---|
| Dewey Decimal Classification | Virtual | Virtual | Online | 28/09/2012 | EBOOK | 157216-1001 | 06/08/2019 | 1 | 06/08/2019 | Book |